00342nam a2200133 a 450000500170000000800410001702000180005805000200007610000160009624500410011226000280015330000090018144000180019020140412111321.0110408s19uu xx 00 eng d a0-679-81644-5 aERbTh32co 1991 aAwdry, Rev. aThomas the tank engine /cRev Awdry. aNew York :bUSA,c1991. aunp. aToddler books